| 000 | 00819cam a22002653a 4500 | ||
|---|---|---|---|
| 001 | 25992 | ||
| 003 | PGUSA | ||
| 005 | 20140828083547.0 | ||
| 008 | 080707s2008||||xxu|||||s|||||000 | eng d | ||
| 040 |
_aPGUSA _beng |
||
| 042 | _adc | ||
| 050 | 4 | _aQB | |
| 100 | 1 |
_aBrewster, David, _cSir, _d1781-1868 |
|
| 245 | 1 | 4 |
_aThe Martyrs of Science, or, The lives of Galileo, Tycho Brahe, and Kepler _h[electronic resource] / _cDavid, Brewster |
| 260 |
_bProject Gutenberg, _c2008 |
||
| 506 | _aPublic domain in the USA. | ||
| 516 | _aElectronic text | ||
| 653 | _aKepler, Johannes, 1571-1630 | ||
| 653 | _aBrahe, Tycho, 1546-1601 | ||
| 653 | _aGalilei, Galileo, 1564-1642 | ||
| 653 | _aScientists -- Biography | ||
| 830 | 0 |
_aProject Gutenberg _v25992 |
|
| 856 | 4 | 0 | _uhttp://www.gutenberg.org/ebooks/25992 |
| 942 | _cEB | ||
| 999 |
_c255247 _d255247 |
||